000 00725nam a2200229 a 4500
999 _c10173
_d10173
001 10173
003 BD-JhCC
005 20180418195059.0
008 180418s1976 ii |||| |||| 000 0 ben d
035 _a(BD-JhCC)10173
040 _aBD-JhCC
_dBD-JhCC
041 _aben
082 _a784
_bTAG 1976
100 _aঠাকুর, রবীন্দ্রনাথ
245 _aমায়ার খেলা /
_cরবীন্দ্রনাথ ঠাকুর,
260 _aকলকাতা :
_bবিশ্বভারতী গ্রন্থনবিভাগ,
_c1976.
300 _a171 P. :
_c24 cm.
490 _aস্বরবিতান ১৫
650 _aMusic
942 _2ddc
_cBK